00662pab a2200145 454500008004000000100001700040245005500057260000900112300001600121362001000137520029700147650001000444650002800454773003400482180718b2002 xxu||||| |||| 00| 0 eng d aSanjay Kumar aCreation of new states: rationale and implications c2002 ap.3705-709. a7 Sep aWhile the creation of new states will not automatically spur development of the particular region, it makes possible a better articulation of regional political and social aspirations and brings the structures of governance and administration closer to hitherto neglected areas. - Reproduced. aState aPolitics and government aEconomic and Political Weekly